|
|
|
|
| LEADER |
00000nab a2200000 a 4500 |
| 001 |
vtls011117898 |
| 003 |
SK-MaSNL |
| 005 |
20260303145321.0 |
| 008 |
230222|2007 xo |||||||||||||||||eng| |
| 015 |
|
|
|a SNBRB
|
| 035 |
|
|
|a (uuid)4b9b23f1-489f-482d-93b8-05d241438b16
|
| 035 |
|
|
|a (urnnbn)urn:nbn:sk:snk:ar-a08m5d
|
| 035 |
|
|
|a urn:nbn:sk:snk-ab9o87
|
| 040 |
|
|
|a SNKBUCL
|b slo
|c SNKBUCL
|e AACR2
|
| 041 |
0 |
|
|a eng
|
| 044 |
|
|
|a xo
|c SK
|
| 100 |
1 |
|
|a Přidalová, Miroslava
|4 aut
|9 799768
|
| 245 |
1 |
0 |
|a PHYSICAL ACTIVITY AND NUTRITION PATTERNS IN "STOB" COURSES REGARDING SOMATIC CHANGES
|c Miroslava Přidalová, Jarmila Riegerová, Miroslav Kopecký, Zuzana Žárská, Hana Sovišová, Petra Tenglerová, Kateřina Teplá
|
| 700 |
1 |
|
|a Riegerová, Jarmila
|4 aut
|9 521926
|
| 700 |
1 |
|
|a Kopecký, Miroslav
|4 aut
|9 375618
|
| 700 |
1 |
|
|a Žárská, Zuzana
|4 aut
|9 1167771
|
| 700 |
1 |
|
|a Sovišová, Hana
|4 aut
|9 1167772
|
| 700 |
1 |
|
|a Tenglerová, Petra
|4 aut
|9 1167773
|
| 700 |
1 |
|
|a Teplá, Kateřina
|4 aut
|9 1167774
|
| 773 |
0 |
|
|t Slovenská antropológia : bulletin Slovenskej antropologickej spoločnosti pri SAV
|g Roč. 10, č. 2 (2007), s. 73-78
|
| 958 |
|
|
|a OND
|
| 958 |
|
|
|a EUIPO
|
| 958 |
|
|
|a article13
|
| 999 |
|
|
|c 2002141
|d 2004071
|